000 01308cam a22003857a 4500
003 CHAP
005 20220329142308.0
008 000519d1999 mx r 00110 spa d
010 _a81205
011 _a82177
035 _a92664
040 _cCHAP
090 _aTesis
100 0 0 _aPaniagua de Jesús, Pablo.
_985090
245 1 0 _aAsociaciones gramínea leguminosa en tercer invierno bajo pastoreo
_c/por Pablo Paniagua de Jesús
260 _aChapingo, Méx. :
_bEl autor,
_c1999.
300 _a74 h. :
_bgráfs. ; cuadros
502 _aTesis (Ing. Agr. Esp. en Zootecnia) -- UACH. Departamento de Zootecnia
590 _aALEPH
_b10
_c20130110
_lUCH01
_h1435
590 _aBATCH-UPD
_b10
_c20130110
_lUCH01
_h0723
590 _aBATCH-UPD
_b10
_c20130410
_lUCH01
_h0407
590 _aBATCH-UPD
_b10
_c20130914
_lUCH01
_h1125
590 _aCONVERSION
_b10
_c20130109
_lUCH01
_h1345
650 1 4 _aCultivos asociados.
_930370
650 1 4 _aDactylis glomerata.
_930865
650 1 4 _aForrajes
_xComposición.
_942563
650 1 4 _aPastoreo.
_985984
650 1 4 _aTrébol.
_9115245
650 1 4 _aTrifolium repens.
_9114948
901 _aBK
905 _aGuadalupe Pinto C.
942 _cFOLL
949 _bBC
_cTES
_d33724000780490
_eTS2
_fc.2
_h36297
_i92664
_si
949 _bBC
_cTES
_d926641
_eTS1
_h36296
_i92664
_sb
999 _c81205
_d81205